Derecho Internacional / (Record no. 143022)

MARC details
000 -LEADER
campo de control de longitud fija 00569nam a2200193 4500
001 - NÚMERO DE CONTROL
campo de control 143022
003 - IDENTIFICADOR DE NÚMERO DE CONTROL
campo de control ES-MaACL
005 - FECHA Y HORA DE LA ÚLTIMA TRANSACCIÓN
campo de control 20230906200707.0
007 - CAMPO FIJO DE DESCRIPCIÓN FÍSICA--INFORMACIÓN GENERAL
campo de control de longitud fija t|
008 - DATOS DE LONGITUD FIJA--INFORMACIÓN GENERAL
campo de control de longitud fija 070214n19031910sp r ||||1| spa d
100 0# - ENTRADA PRINCIPAL--NOMBRE DE PERSONA
Nombre de persona Sela, Aniceto (
Fechas asociadas al nombre 1863-1935)
9 (RLIN) 105285
245 10 - MENCIÓN DEL TÍTULO
Título Derecho Internacional /
Mención de responsabilidad, etc. Aniceto Sela y Sampil.
260 ## - PUBLICACIÓN, DISTRIBUCIÓN, ETC.
Lugar de publicación, distribución, etc. Barcelona :
Nombre del editor, distribuidor, etc. Domingo Clarasó,
Fecha de publicación, distribución, etc. [entre 1903 y 1910]
300 ## - DESCRIPCIÓN FÍSICA
Extensión 215 p. ;
Dimensiones 16 x 11 cm.
490 1# - MENCIÓN DE SERIE
Mención de serie Manuales Soler ;
Designación de volumen o secuencia 94
830 0# - PUNTO DE ACCESO ADICIONAL DE SERIE-TÍTULO UNIFORME
Título uniforme Manuales Soler ;
Designación de volumen o secuencia 94
9 (RLIN) 181914
852 ## - LOCALIZACIÓN
Ubicación ES-MaACL
Número de control de estantería G-15687
Holdings
Estatus retirado Estado de pérdida Estado de daño No para préstamo Biblioteca de origen Biblioteca actual Ubicación en estantería Fecha de adquisición Fuente de adquisición Total de préstamos Signatura topográfica completa Código de barras Visto por última vez Precio de reemplazo Tipo de ítem Koha
        Biblioteca del Ateneo de Madrid Biblioteca del Ateneo de Madrid Sala Pecera Planta 3 17/01/2008     G-15687 1148805 23/02/2023 23/02/2023 Libro impreso